000 00744nam a2200241Ia 4500
003 OSt
005 20220923221638.0
006 a|||||r|||| 00| 0
007 ta
008 220922b |||||||| |||| 00| 0 hin d
024 _a198,967
037 _cTextual
040 _aARTS
_cARTS
_bhin
041 _2hin
_ahin
082 _aP152,3:g, M2-;2
100 _aतिवारी, भोलानाथ
_9156271
245 0 _aशब्दों की कहानी
246 _aShabdoan kī kahānī
260 _aदिल्ली
_b प्रभात प्रका0
_c1982
300 _a161पृ.
_ccm.
942 _hP152,3:g, M2-;2
_cTEXL
_2CC
999 _c350746
_d350746